| 000 | 00907cab a2200193 4500 | ||
|---|---|---|---|
| 001 | L129525 | ||
| 008 | 050426n2005 000 0 eng u | ||
| 035 | _a(Sirsi) u129525 | ||
| 041 | _aeng | ||
| 100 | _aJeffries, Elizabeth | ||
| 245 | _aBetter quality rubble | ||
| 260 | _c2005 | ||
| 490 |
_aWastes Management _vApril 2005, 22-23(2) |
||
| 520 | _aLooks at the St Pancras rail development which will involve uploading huge amounts of concrete and metal and disposing of hundreds of tonnes of tunnel piling and excavation. This project has looked at resourceful ways of reusing waste produced through both construction and demolition. One example is the reuse of the crushed bricks from an old St Pancras viaduct in permanent structures. | ||
| 590 | _aIKA290405 | ||
| 690 | _aBUILT ENVIRONMENT-SUSTAINABLE CONSTRUCTION | ||
| 690 | _aENVIRONMENTAL AND LAND CONSULTANCY-WASTE MANAGEMENT | ||
| 942 | _n0 | ||
| 999 |
_c75150 _d75150 |
||